[Event "Madurai Athens of the East op-C 1st"]
[Site "Madurai"]
[Date "2019.08.17"]
[Round "10"]
[White "Adithya, Ramesh"]
[Black "Nagasri, Saikanth"]
[Result "0-1"]
[WhiteElo "1579"]
[BlackElo "1396"]
[PlyCount "116"]
[EventDate "2019.08.14"]
[EventType "swiss"]
[EventRounds "10"]
[EventCountry "IND"]
[SourceTitle "EXT 2022"]
[Source "ChessBase"]
[SourceDate "2021.10.06"]
[SourceVersion "1"]
[SourceVersionDate "2021.10.06"]
[SourceQuality "1"]

1. e4 c6 2. d4 d5 3. Nc3 dxe4 4. Nxe4 Nf6 5. Nxf6+ exf6 6. Nf3 Bg4 7. Be2 Bd6 8. 0-0 0-0 9. h3 Bh5 10. Nh4 Bxe2 11. Qxe2 g6 12. Nf3 Re8 13. Qd3 Kg7 14. Bd2 Nd7 15. Rfe1 Qc7 16. c4 b6 17. b4 c5 18. bxc5 bxc5 19. d5 Be5 20. Bc3 Qd6 21. Bxe5 fxe5 22. Qc3 f6 23. Nd2 f5 24. f4 Qf6 25. fxe5 Nxe5 26. Rab1 Re7 27. Nb3 Rae8 28. Kh1 Nd7 29. Rxe7+ Rxe7 30. Qa5 Qb6 31. Re1 Kf8 32. Rxe7 Qxa5 33. Nxa5 Kxe7 34. Nc6+ Kd6 35. Nxa7 Nb6 36. Nb5+ Ke5 37. Na3 Kd4 38. d6 Kc3 39. Nb5+ Kxc4 40. Nc7 Nd7 41. Kg1 Kb4 42. Kf2 Ka3 43. Ke3 Kxa2 44. Kd3 Kb3 45. Nd5 c4+ 46. Kd4 h6 47. Nc3 g5 48. Ne2 h5 49. Kd5 f4 50. Ke6 Nc5+ 51. Kf5 Kc2 52. Kxg5 Kd2 53. Nd4 Kd3 54. Nb5 Ne4+ 55. Kxf4 Nxd6 56. Na3 c3 57. g4 hxg4 58. hxg4 Nb5 0-1

[Event "Madurai Athens of the East op-C 1st"]
[Site "Madurai"]
[Date "2019.08.14"]
[Round "3"]
[White "Adithya, Ramesh"]
[Black "Kiruba Hari, P."]
[Result "1/2-1/2"]
[WhiteElo "1579"]
[BlackElo "1399"]
[PlyCount "102"]
[EventDate "2019.08.14"]
[EventType "swiss"]
[EventRounds "10"]
[EventCountry "IND"]
[SourceTitle "EXT 2022"]
[Source "ChessBase"]
[SourceDate "2021.10.06"]
[SourceVersion "1"]
[SourceVersionDate "2021.10.06"]
[SourceQuality "1"]

1. e4 e5 2. Nf3 Nc6 3. Bc4 Bc5 4. c3 Nf6 5. d4 exd4 6. e5 d5 7. Bb5 Ne4 8. cxd4 Bb6 9. Be3 Bg4 10. Qc2 Ba5+ 11. Nbd2 Bd7 12. 0-0 Nxd2 13. Nxd2 0-0 14. Bxc6 bxc6 15. f4 Bxd2 16. Qxd2 f6 17. Qc3 Qe7 18. Rae1 Rab8 19. a3 Rb7 20. b4 f5 21. Qd3 Rb5 22. Bd2 Qe6 23. Rf3 Bc8 24. Qc2 Ba6 25. Rc3 Rb6 26. Qa4 Ra8 27. Qc2 Bc4 28. g4 Rf8 29. gxf5 Rxf5 30. Rg3 Rb8 31. Kh1 Rbf8 32. Reg1 g6 33. R1g2 Kg7 34. Qd1 R5f7 35. h4 Kh8 36. h5 Rg8 37. Qc2 Rf5 38. hxg6 Rxg6 39. Rxg6 hxg6 40. Rh2+ Kg7 41. Qc3 Rh5 42. Rxh5 gxh5 43. Qg3+ Qg4 44. Kh2 Qxg3+ 45. Kxg3 Kg6 46. e6 Bd3 47. Kh4 Kf6 48. Kxh5 Kxe6 49. Kg5 Be4 50. a4 Bc2 51. a5 a6 1/2-1/2